000 00701cam a22002533a 4500
001 14348
003 PGUSA
005 20140828083316.0
008 041213s2004||||xxu|||||s|||||000 1 eng d
040 _aPGUSA
_beng
042 _adc
050 4 _aPS
100 1 _aWilson, Harry Leon,
_d1867-1939
245 1 0 _aMa Pettengill
_h[electronic resource] /
_cHarry Leon Wilson
260 _bProject Gutenberg,
_c2004
506 _aPublic domain in the USA.
516 _aElectronic text
653 _aWashington (State) -- Fiction
653 _aHumorous stories
653 _aWestern stories
830 0 _aProject Gutenberg
_v14348
856 4 0 _uhttp://www.gutenberg.org/ebooks/14348
942 _cEB
999 _c243603
_d243603